Naked poetry: Recent American poetry in open forms
Gardado en:
| Autor Principal: | |
|---|---|
| Formato: | Libro |
| Idioma: | Undetermined |
| Publicado: |
New York, Estados Unidos
Bobbs-Merrill Company
1969
|
| Materias: | |
| Etiquetas: |
Engadir etiqueta
Sen Etiquetas, Sexa o primeiro en etiquetar este rexistro!
|
MARC
| LEADER | 00000nam a2200000Ia 4500 | ||
|---|---|---|---|
| 008 | 170316s9999 xx 000 0 und d | ||
| 999 | |c 5434 |d 5434 | ||
| 040 | |a cru BVZT | ||
| 090 | |a 810 B-11n | ||
| 100 | |a Berg, Stephen; Mezey, Robert | ||
| 245 | |a Naked poetry: Recent American poetry in open forms |c Stephen Berg ; Robert Mezey | ||
| 260 | |a New York, Estados Unidos |b Bobbs-Merrill Company |c 1969 | ||
| 300 | |a 392 páginas | ||
| 650 | |a LITERATURA ESTADOUNIDENSE |9 25 | ||
| 650 | |a EN IDIOMA INGLÉS |9 129 | ||
| 650 | |a POESÍA |9 18 | ||
| 942 | |c 15 D |h 810 B-11n |2 z | ||
